Govt. of
Madhya Pradesh

Normal view MARC view

Entry Personal Name

Number of records used in: 1

001 - CONTROL NUMBER

  • control field: 33936

003 - CONTROL NUMBER IDENTIFIER

  • control field: OSt

005 - DATE AND TIME OF LATEST TRANSACTION

  • control field: 20160121155639.0

008 - FIXED-LENGTH DATA ELEMENTS

  • fixed length control field: 160121|| aca||aabn | a|a d

040 ## - CATALOGING SOURCE

  • Original cataloging agency: OSt
  • Transcribing agency: OSt

100 ## - HEADING--PERSONAL NAME

  • Personal name: अंसारी डॉ एम एस

670 ## - SOURCE DATA FOUND

  • Source citation: Work cat.: (OSt)30899: अंसारी डॉ एम एस, यू.जी.सी. जूनियर रिसर्च फैलोशिप तथा लैक्‍चरशिप परीक्षा, 2003